000 02198nam0a2200385 4500
001 RU\NLR\bibl\955735
005 20260405125328.0
010 _a5-472-01515-4
_910000
021 _aRU
_b2006-26111
_91298
035 _a(NLR Aleph) 000943800
090 _a236536
_c236536
100 _a20060601d2006 |||y0rusy50 ca
101 0 _arus
102 _aRU
105 _ay |||||||||
200 1 _aДомашняя работа по русскому языку за 5 класс
_eк учебнику "Русский язык: учеб. для 5 кл. общеобразоват. учреждений / М. М. Разумовская, С. И. Львова, В. И. Капинос и др.; под ред. М. М Разумовской, П. А. Леканта. - М.: Дрофа, 2002-2004"
_eучебно-методическое пособие
_fА. В. Климова, Н. А. Сальникова
205 _a[Новая ред.]
210 _aМосква
_cЭкзамен
_d2006
215 _a95 с.
_d20
225 1 _aСерия Решебник
300 _aНа обл.: Домашняя работа по русскому языку: 5
300 _aНа обл. авт. не указаны
422 0 _12001#$aРусский язык$eучеб. для 5 кл. общеобразоват. учреждений$fМ. М. Разумовская, С. И. Львова, В. И. Капинос и др.$gпод ред. М. М Разумовской, П. А. Леканта
_1210##$aМосква$cДрофа$d2002-2004
_tРусский язык
512 1 _aДомашняя работа по русскому языку
_e5
606 1 _aРусский язык
_jУчебные издания для средней школы
_91533567
_3RU\NLR\auth\66969347
686 _aШ141.12-922.1[5]
700 1 _4070
_8rus
_7ca
_aКлимова
_bА. В.
_gАнастасия Владимировна
_3RU\NLR\AUTH\7750663
_933597
701 1 _aСальникова
_bН. А.
_gНадежда Александровна
_4070
801 0 _aRU
_bNLR
_c20060601
_grcr
801 1 _aRU
_bNLR
_c20060601
830 _aавт. по кн.
942 _cBOOK
980 _aNB